Confessions of a municipal bond salesman

Đã lưu trong:
Bibliografiske detaljer
Hovedforfatter:  Lebenthal, Jim
Format: Sách
Sprog:Undetermined
Udgivet:  J. Wiley & Sons  2006
Fag:
Tags: Tilføj Tag
Ingen Tags, Vær først til at tagge denne postø!
Thư viện lưu trữ: Trung tâm Thư viện - Trường Đại học Công nghiệp TP. Hồ Chí Minh
LEADER 00504nam a2200157Ia 4500
001 UIH_04037
008 231011s9999 xx 000 0 und d
082 |a  332.632 
100 |a  Lebenthal, Jim 
245 0 |a  Confessions of a municipal bond salesman 
245 0 |c  Lebenthal, Jim 
260 |b  J. Wiley & Sons 
260 |c  2006 
650 |a  Công trái; Bất động sản;  
927 |a Sách 
980 |a Trung tâm Thư viện - Trường Đại học Công nghiệp TP. Hồ Chí Minh